00382nam a2200109Ia 4500008004100000041000800041082000800049100009100057245006500148260005100213300000800264221007s9999 xx 000 0 und d aeng bJAJ aJaju Puja - 2k141067; Prof.Jyoti Gaikwad - Guide & [Company Name] - Adventures 365.in aStudy Of Business Development Strategies Of Adventures365.in cSep-15bSavitribai Phule Pune UniversityaPune a55p